000 00447nam a22001577a 4500
005 20240712090801.0
008 240712b |||||||| |||| 00| 0 eng d
041 _aEnglish
082 _a349 SOU
100 _lEnglish
245 _aThe South African Law Reports
260 _aDurban:
_bJuta and Company Ltd,
_c1949
300 _bxxix, 1211 pages;
_c25 cm.
650 _aLegal practice
_bLaw
942 _cBK
_6ALISON_BN_VRIES
999 _c2160
_d2160